Statistiques concernant Nombres Premiers de 0 à 100

Cliquez ici pour prendre le quiz!

Statistiques générales

  • Ce quiz a été pris 170 fois
  • Le résultat moyen est 13 sur 25

Statistiques - réponses

Réponse% Correct
2
99%
3
96%
5
93%
7
92%
13
91%
11
90%
17
88%
19
83%
23
81%
29
74%
31
69%
37
62%
41
56%
43
46%
47
40%
53
33%
59
30%
61
26%
67
19%
71
14%
73
12%
79
10%
83
4%
89
4%
97
4%

Distribution des résultats

Percentile par nombre de réponses

% des personnes avec chaque résultat

Votre développement - résultats

Vous n’avez pas pris ce quiz